EL HOMBRE MEDIOCRE/

Gorde:
Xehetasun bibliografikoak
Egile nagusia: Ingenieros, José (autor)
Formatua: Liburua
Gaiak:
Etiketak: Etiketa erantsi
Etiketarik gabe, Izan zaitez lehena erregistro honi etiketa jartzen!

MARC

LEADER 00000nam^a2200000^a^4500
001 000220858
005 20250521000000.0
009 20260310103858.701
020 |a 968-15-0174-8 
035 |a 040963 
037 |a Acervo Xavier Clavigero 
082 |a 155. 2  |b ING 
100 |a Ingenieros, José  |e (autor) 
245 1 3 |a EL HOMBRE MEDIOCRE/  |c JOSE INGENIEROS 
264 |a MEXICO :  |b UNIDOS,  |c 1992 
300 |a 207p. 
336 |a texto  |b txt  |2 rdacontenido 
337 |a sin mediación  |b n  |2 rdamedio 
338 |a volumen  |b nc  |2 rdasoporte 
649 |a XX 
650 |a Carácter 
650 |a Hombre 
650 |a Conducta de Vida 
910 |a Fondo General 
920 |a Impresos - Libros 
930 |a Colección General 
905 |a 101 
901 |a 040963  |b IT1  |c ACC  |i 040963  |u 20250521 
902 |a https://opac.biblio.iteso.mx/vufind/Record/000220858